[Event "1st Sea Chess TCh"]
[Site "Kuala Lumpur MAI"]
[Date "2001.09.08"]
[Round "4"]
[White "Tu Hoang Thong"]
[Black "Juswanto,D"]
[Result "1-0"]
[WhiteElo "2510"]
[BlackElo "2513"]

1.d4 Nf6 2.Bg5 Ne4 3.Bf4 d5 4.e3 c6 5.Bd3 Nf6 6.h3 g6 7.Nf3 Bg7 8.O-O O-O
9.c4 Nbd7 10.Nc3 dxc4 11.Bxc4 Nb6 12.Bb3 a5 13.Rc1 Nfd5 14.Nxd5 Nxd5 15.Bg3 Bh6
16.Rc5 Nf6 17.Bh2 Ne4 18.Rc1 Bf5 19.Ne5 Nd6 20.Re1 Be4 21.Rc5 Bf5 22.Ng4 Bg7
23.Bf4 Ne4 24.Rc1 Bxg4 25.hxg4 Qb6 26.f3 Nf6 27.Kh1 Rfd8 28.Re2 Nd5 29.Bg5 h6
30.Bh4 g5 31.Bf2 e6 32.Rd2 Qb4 33.Rc5 Bf8 34.a3 Qb6 35.Rc1 Qc7 36.e4 Nf6
37.d5 exd5 38.exd5 c5 39.Qc2 Qf4 40.Qd3 Nd7 41.g3 Qf6 42.Bc2 Bd6 43.Kg2 Nf8
44.Bb1 b6 45.Qb5 Be5 46.Be4 Rd6 47.Rc4 Rad8 48.Re2 Ra8 49.b4 cxb4 50.axb4 a4
51.Rc6 a3 52.Bb1 Nd7 53.Ba2 Rb8 54.Qa6 Rxc6 55.dxc6 Qxc6 56.Qxa3 Bg7 57.Qd3 Ne5
58.Qf5 Qc7 59.Bd4 Re8 60.f4 Qc6+ 61.Qe4 Qxe4+ 62.Rxe4 Ra8 63.Bb3 Ra3 64.Bd5 Nxg4
65.fxg5 Bxd4 66.Rxg4 Be3 67.g6 Bg5 68.gxf7+ Kf8 69.Rc4 Kg7 70.Rc8 Be7 71.Rg8+  1-0

[Event "TCh-CRO Jun"]
[Site "Pula CRO"]
[Date "2001.09.10"]
[Round "1"]
[White "Doric,D"]
[Black "Kuljasevic,D"]
[Result "1-0"]
[WhiteElo "2270"]
[BlackElo "2260"]

1.d4 Nf6 2.Bg5 Ne4 3.Bf4 c5 4.f3 Qa5+ 5.c3 Nf6 6.d5 Qb6 7.b3 e6 8.e4 exd5
9.exd5 Bd6 10.Bg5 Be7 11.Qd2 Qd6 12.Bc4 Qe5+ 13.Ne2 Nxd5 14.f4 Bxg5 15.Bxd5 Bxf4
16.Bxf7+ Kxf7 17.O-O Rf8 18.Nxf4 Kg8 19.Na3 c4 20.b4  1-0

[Event "TCh-CRO"]
[Site "Pula CRO"]
[Date "2001.09.15"]
[Round "6"]
[White "Kovacevic,B"]
[Black "Sermek,D"]
[Result "1/2-1/2"]
[WhiteElo "2443"]
[BlackElo "2579"]

1.d4 Nf6 2.Bg5 Ne4 3.Bf4 c5 4.f3 Qa5+ 5.c3 Nf6 6.d5 Qb6 7.b3 d6 8.e4 g6 9.Qd2 Bg7
10.Bh6 O-O 11.Bxg7 Kxg7 12.c4 e6 13.Bd3 Nbd7 14.Ne2 Ne5 15.Nbc3 exd5  1/2-1/2

[Event "Battle of Crete Rapid"]
[Site "Panormo GRE"]
[Date "2001.09.21"]
[Round "6"]
[White "Thorfinnsson,Bj"]
[Black "Galego,L"]
[Result "0-1"]
[WhiteElo "2220"]
[BlackElo "2467"]

1.d4 Nf6 2.Bg5 Ne4 3.Bh4 c6 4.f3 Qa5+ 5.Nd2 g5 6.fxe4 gxh4 7.Nf3 Bh6 8.c3 Qh5
9.Qb3 d6 10.O-O-O Nd7 11.Kb1 Nf6 12.h3 Bxd2 13.Nxd2 Nxe4 14.Nxe4 Qg6 15.Qc2 Bf5
16.Nxd6+ exd6 17.e4 Bxe4 18.Re1 d5 19.Bd3 f5 20.c4 O-O 21.Rhf1 Qg3 22.Bxe4 fxe4
23.cxd5 cxd5 24.Ka1 Rf7 25.Qc5 Rd8 26.a3 b6 27.Qc6 Qg6 28.Qc1 Rdf8 29.Rxf7 Rxf7
30.Qc8+ Kg7 31.Qd8 Qg3 32.Rc1 e3 33.Rc8 Qg6 34.Qxd5 Rf1+ 35.Ka2 Qf7 36.Qxf7+ Kxf7
37.Rc2 Rf2 38.Rc3 e2 39.Re3 Rxg2 40.d5 Rg3 41.Rxe2 Rxh3 42.Kb1 Rd3 43.Re5 h3
44.Kc2 Rd4 45.Rh5 Kg6 46.Rxh3 Rxd5 47.Rc3 Rc5  0-1

[Event "ECC"]
[Site "Panormo GRE"]
[Date "2001.09.23"]
[Round "1"]
[White "Teske,H"]
[Black "Putka,V"]
[Result "1/2-1/2"]
[WhiteElo "2486"]
[BlackElo "2277"]

1.d4 Nf6 2.Bg5 Ne4 3.h4 d5 4.Nd2 Nxg5 5.hxg5 g6 6.Ngf3 Bg7 7.e4 c5 8.exd5 cxd4
9.Bc4 Nd7 10.Qe2 Nb6 11.O-O-O Bf5 12.Nh4 d3 13.Bb5+ Kf8 14.Bxd3 Bxd3 15.Qxd3 Qxd5
16.Ne4 Qxd3 17.Rxd3 h6 18.Rhd1 e6 19.Nf3 Ke7 20.Kb1 hxg5 21.Nfxg5 Rh2 22.g3 f5
23.Nc5 e5 24.Rd6 Rc8 25.b4 Rc6 26.R6d2 e4 27.Nxb7 Bf6 28.f4 Rxd2 29.Rxd2 Nc4
30.Rh2 Rb6 31.Rh7+ Ke8 32.Rc7 Rxb4+ 33.Kc1 Bxg5 34.Rxc4 Bxf4+ 35.gxf4 Rxb7
36.Kd2 Kd7 37.Ra4 Ke7 38.Ke3 Rc7 39.c4 Rd7 40.c5 Rd3+ 41.Ke2 Rd7 42.Ra6 Kf7
43.Ke3 Rd3+ 44.Ke2 Rc3 45.Rxa7+ Ke6 46.Ra6+ Kd5 47.Rxg6 Rxc5 48.Rf6 Kc4 49.Rf8 Ra5
50.Rc8+ Kd5 51.Rd8+ Ke6 52.Rd2 Ra3 53.Rb2 Rf3 54.Rb6+ Ke7 55.a4 Ra3  1/2-1/2

[Event "ECC"]
[Site "Panormo GRE"]
[Date "2001.09.24"]
[Round "2"]
[White "Dunworth,C"]
[Black "Borriss,M"]
[Result "0-1"]
[WhiteElo "2289"]
[BlackElo "2445"]

1.d4 Nf6 2.Bg5 Ne4 3.Bf4 c5 4.f3 Qa5+ 5.c3 Nf6 6.d5 Qb6 7.Bc1 e6 8.c4 Qb4+
9.Nc3 Qxc4 10.e4 Qb4 11.Bd2 Qb6 12.Bc4 d6 13.Nge2 e5 14.f4 Nbd7 15.O-O a6
16.Ng3 Qd8 17.a4 g6 18.Ra3 Bh6 19.f5 Bxd2 20.Qxd2 Rg8 21.fxg6 fxg6 22.Nd1 Rf8
23.Raf3 Ng8 24.h3 Rxf3 25.Rxf3 Ndf6 26.Nc3 Bd7 27.Qf2 Kf7 28.Nh1 Kg7 29.g4 h6
30.Qf1 Qb6 31.b3 Rf8 32.Nf2 Qd8 33.Nfd1 Qa5 34.Ne3 Nh7 35.Rxf8 Nxf8 36.Qd3 Nh7
37.Kg2 Ngf6 38.Kg3 Qxc3  0-1

[Event "ECC"]
[Site "Panormo GRE"]
[Date "2001.09.24"]
[Round "2"]
[White "Behm,J"]
[Black "Teske,H"]
[Result "0-1"]
[WhiteElo "2126"]
[BlackElo "2486"]

1.d4 Nf6 2.Bg5 Ne4 3.Bf4 c5 4.f3 Qa5+ 5.c3 Nf6 6.Nd2 cxd4 7.Nb3 Qf5 8.Bxb8 Rxb8
9.Qxd4 b6 10.e4 Qf4 11.Ne2 Qc7 12.e5 Ng8 13.Ng3 g6 14.e6 Nf6 15.exf7+ Kxf7
16.Bc4+ e6 17.Ne4 Be7 18.Bd3 d5 19.Nxf6 Bxf6 20.Qe3 e5 21.O-O Kg7 22.Rad1 Rd8
23.f4 d4 24.cxd4 exd4 25.Qf2 Bb7 26.Rd2 Rd6 27.Rfd1 Rbd8 28.Bf1 Qd7 29.Nc1 Qa4
30.b3 Qa5 31.Bd3 Qd5 32.Ne2 b5 33.Ng3 Re8 34.Re1 Qxg2+ 35.Qxg2 Rxe1+ 36.Kf2 Bxg2
37.Kxe1 Bc6 38.Re2 Bd8 39.f5 a6 40.fxg6 hxg6 41.Kd2 Bg5+ 42.Kc2 Be3 43.Be4  0-1

[Event "ECC"]
[Site "Panormo GRE"]
[Date "2001.09.26"]
[Round "4"]
[White "Knaak,R"]
[Black "Bekker Jensen,S"]
[Result "1-0"]
[WhiteElo "2494"]
[BlackElo "2356"]

1.d4 Nf6 2.Bg5 Ne4 3.Bf4 c5 4.f3 Qa5+ 5.c3 Nf6 6.d5 Qb6 7.Bc1 e6 8.c4 d6
9.e4 g6 10.Nc3 Bg7 11.Nge2 exd5 12.cxd5 O-O 13.Ng3 h5 14.Be2 Nbd7 15.Qc2 Nh7
16.Bd2 a6 17.f4 Qc7 18.O-O-O b5 19.e5 b4 20.Nce4 dxe5 21.f5 h4 22.d6 Qd8
23.Bc4 Kh8 24.fxg6 fxg6 25.Be3 Bb7 26.Nf1 Rc8 27.Nfd2 Rf5 28.Rhe1 Nhf8 29.g4 Rf4
30.Bxf4 exf4 31.Nf3 Nh7 32.g5 Nhf8 33.Qf2 Nh7 34.Qxh4 Qf8 35.Rd3 Re8 36.Ned2 Rxe1+
37.Qxe1 Qf5 38.Kc2 Nhf8 39.Qe7 Bc6 40.Nh4 Qe5 41.Qf7 Qxb2+ 42.Kd1 Qa1+ 43.Ke2 f3+
44.Nhxf3 Bxf3+ 45.Nxf3  1-0

[Event "ECC"]
[Site "Panormo GRE"]
[Date "2001.09.28"]
[Round "6"]
[White "Fries Nielsen,NJ"]
[Black "Olsson,An"]
[Result "0-1"]
[WhiteElo "2383"]
[BlackElo "2265"]

1.d4 Nf6 2.Bg5 Ne4 3.Bf4 c5 4.f3 Qa5+ 5.c3 Nf6 6.Nd2 cxd4 7.Nb3 Qb6 8.Qxd4 Qxd4
9.Nxd4 a6 10.e4 d6 11.Nc2 d5 12.e5 Nfd7 13.c4 dxc4 14.e6 fxe6 15.Bxc4 Nb6
16.Ne3 N8d7 17.Bxe6 Nc5 18.Bxc8 Rxc8 19.Rd1 e6 20.Ne2 Nca4 21.O-O Bc5 22.b4 Bxb4
23.Ng4 O-O 24.Bd6 Bxd6 25.Rxd6 Rc2 26.Rxe6 Rxa2 27.Rd1 Rxe2 28.Rxe2 Nc3 29.Re6 Nxd1
30.Rxb6 Re8 31.Kf1 h5 32.Nf2 Ne3+ 33.Kg1 Nc4 34.Rb1 b5 35.Ne4 Rb8 36.Kf2 b4
37.Ke2 a5 38.Nc5 Rb5 39.Na4 Rd5 40.Rc1 Rd2+ 41.Ke1 Rd4 42.Rb1 Ne3 43.g3 Kf7
44.Rb3 Nc4 45.Nc5 Rd5 46.Ne4 Rb5 47.Kd1 a4 48.Nc3 axb3 49.Nxb5 b2 50.Kc2 Na3+  0-1

[Event "It IM"]
[Site "Kastav CRO"]
[Date "2001.10.01"]
[Round "7"]
[White "Saric,A"]
[Black "Zelenika,S"]
[Result "1/2-1/2"]
[WhiteElo "2232"]
[BlackElo "2328"]

1.d4 Nf6 2.Bg5 Ne4 3.Bf4 c5 4.f3 Qa5+ 5.c3 Nf6 6.Nd2 cxd4 7.Nb3 Qf5 8.Bxb8 Rxb8
9.Qxd4 b6 10.e4 Qf4 11.Nh3 Qc7 12.e5 Ng8 13.O-O-O e6 14.f4 Be7 15.Nf2 f5
16.Qc4 Qxc4 17.Bxc4 Nh6 18.Rd2 g5 19.g3 Rg8 20.Nd4 a6 21.Nd1 gxf4 22.gxf4 Bb7
23.Rf1 Rc8 24.Be2 b5 25.Bh5+ Kf8 26.Bf3 Bxf3 27.Rxf3 Nf7 28.Rh3 h6 29.Rhd3 Ke8
30.Rg3 Rg4 31.Rxg4 fxg4 32.Ne3 h5 33.Re2 Nh6 34.Kd1 Bc5 35.Ndc2 Ke7 36.Ng2 Nf5
37.Kd2 Rf8 38.Re1 h4 39.Rf1 h3 40.Nge3 Rg8 41.Nxf5+ exf5 42.Nd4 Bxd4 43.cxd4 Ke6
44.Rc1 g3 45.hxg3 Rxg3 46.Rc8 Kd5 47.Rd8 Ke4 48.Rxd7 b4 49.Kc2 Kxf4 50.Rh7 Ke4
51.e6 Kxd4 52.e7 Re3 53.Kd2 Re6 54.Rh4+ Ke5 55.Rxh3 Rxe7 56.Rh4 Rg7  1/2-1/2

[Event "FSIMA October"]
[Site "Budapest HUN"]
[Date "2001.10.06"]
[Round "1"]
[White "Mensch,E"]
[Black "Berczes,D"]
[Result "1-0"]
[WhiteElo "2299"]
[BlackElo "2140"]

1.d4 Nf6 2.Bg5 Ne4 3.Bf4 d5 4.e3 e6 5.Bd3 Nf6 6.Nd2 Bd6 7.Bxd6 Qxd6 8.f4 O-O
9.Ngf3 c5 10.c3 b6 11.O-O Ba6 12.Bxa6 Nxa6 13.Ne5 Nb8 14.Qe2 Nbd7 15.a4 a6
16.g4 Ne8 17.g5 f6 18.gxf6 gxf6 19.Ng4 Kh8 20.Kh1 Qe7 21.Nh6 f5 22.Qh5 Ng7
23.Qh3 Qe8 24.Rg1 Qh5 25.Qxh5 Nxh5 26.Rg5 Ndf6 27.Rag1 Ra7 28.Nf3 Ng7 29.Ne5 Ne4
30.R5g2 Rf6 31.Nhf7+ Rfxf7 32.Nxf7+ Rxf7 33.dxc5 bxc5 34.c4 d4 35.exd4 cxd4
36.b4 d3 37.c5 a5 38.b5 d2 39.c6 Rc7 40.Rd1 Kg8 41.Rgxd2 Nxd2 42.Rxd2 Ne8
43.Rc2 Rc8 44.b6 Nd6 45.b7 Rb8 46.Rb2 Ne8 47.Rd2 Kf7 48.Rd7+ Kf6 49.Rxh7 e5
50.fxe5+ Kxe5 51.c7 Nxc7 52.Rxc7 Kd6 53.Rf7 Ke6 54.Rg7 Kd5 55.h4 Ke5 56.Kg2 Kd6
57.h5 Rh8 58.h6  1-0

[Event "10th Monarch Assurance"]
[Site "Port Erin IOM"]
[Date "2001.10.06"]
[Round "8"]
[White "Gormally,D"]
[Black "Stocek,J"]
[Result "1/2-1/2"]
[WhiteElo "2481"]
[BlackElo "2530"]

1.d4 Nf6 2.Bg5 Ne4 3.Bf4 c5 4.f3 Qa5+ 5.c3 Nf6 6.d5 e6 7.e4 d6 8.Qd2 exd5
9.exd5 Be7 10.c4 Qxd2+ 11.Nxd2 b5 12.Ne2  1/2-1/2

[Event "Sportland NRW Cup"]
[Site "Senden GER"]
[Date "2001.10.14"]
[Round "2"]
[White "Lindemann,C"]
[Black "Ibragimov,I"]
[Result "0-1"]
[WhiteElo "2185"]
[BlackElo "2579"]

1.d4 Nf6 2.Bg5 Ne4 3.Bf4 c5 4.f3 Nf6 5.d5 d6 6.e4 g6 7.c4 e5 8.Be3 Be7 9.Nc3 Nh5
10.Qd2 O-O 11.Nge2 a6 12.a4 Nd7 13.Bh6 Re8 14.Kd1 Kh8 15.Kc2 Ndf6 16.h3 Ng8
17.Be3 f5 18.g4 Ng7 19.Nc1 Rf8 20.Be2 Bd7 21.Nd3 b6 22.Rhb1 Qc7 23.b3 Rfc8
24.Rg1 Qd8 25.gxf5 gxf5 26.f4 fxe4 27.Nxe4 Bf5 28.Ng5 Bxg5 29.Rxg5 Nf6 30.fxe5 Ne4
31.Qc1 dxe5 32.Rg2 Qd6 33.Bg4 Rf8 34.Bh6 Bg6 35.Qe3 Rf7 36.h4 Re8 37.Bxg7+ Rxg7
38.Rag1 Nf6 39.Be2 Reg8 40.Kb2 Bxd3 41.Rxg7 Rxg7 42.Rxg7 Kxg7 43.Bxd3 e4
44.Qg5+ Kf7 45.Bc2 Qh2 46.Qf5 Qxh4 47.Qe6+ Kg6 48.Qxb6 Qf2 49.Qxa6 Kg5 50.Qe6 e3
51.Qe5+ Kh4  0-1

[Event "British Rapidplay"]
[Site "Bradford ENG"]
[Date "2001.10.21"]
[Round "11"]
[White "Hodgson,Ju"]
[Black "Thiruchelvam,M"]
[Result "1-0"]
[WhiteElo "2589"]
[BlackElo "2269"]

1.d4 Nf6 2.Bg5 Ne4 3.Bf4 d5 4.e3 e6 5.Bd3 Bd6 6.Ne2 O-O 7.c4 b6 8.Qc2 Bxf4
9.Bxe4 Bh6 10.Bxh7+ Kh8 11.Bd3 Bb7 12.O-O dxc4 13.Bxc4 Nd7 14.Nbc3 Nf6 15.e4 Qe7
16.e5 Nd7 17.f4 c5 18.d5 exd5 19.Bxd5 Nb8 20.Qe4 Bxd5 21.Nxd5 Qb7 22.Ng3 Na6
23.Nf5 Nb4 24.Rad1 Rad8 25.Nd6 Qc6 26.a3 Nxd5 27.Rxd5 Kg8 28.Rfd1 g6 29.f5 Kg7
30.e6 Rxd6 31.Qe5+ f6 32.Qxd6 Qxd6 33.Rxd6 Be3+ 34.Kf1 gxf5 35.Rd8 Bd4 36.e7  1-0

[Event "Lasker Autumn IM"]
[Site "Bucharest ROM"]
[Date "2001.10.22"]
[Round "10"]
[White "Nanu,C"]
[Black "Barnaure,V"]
[Result "1-0"]
[WhiteElo "2412"]
[BlackElo "2167"]

1.d4 Nf6 2.Bg5 Ne4 3.Bf4 d5 4.Nd2 Bf5 5.Nxe4 Bxe4 6.e3 e6 7.Nf3 Bd6 8.Bg3 Nd7
9.Nd2 Bg6 10.c4 Bxg3 11.hxg3 c6 12.Be2 O-O 13.O-O dxc4 14.Nxc4 b5 15.Nd2 Qb6
16.b4 a5 17.a3 e5 18.Nb3 a4 19.Na5 c5 20.dxc5 Nxc5 21.Qd5 Be4 22.Qxe5 Rfe8
23.Qd4 Rxa5 24.bxa5 Qc6 25.Qb4 Bd3 26.Rfc1 Bxe2 27.Qxc5 Qa8 28.Qb4 h6 29.Rc7 Qa6
30.Re1 Bc4 31.Rd1 Ra8 32.Rdd7 Qxa5 33.Rc8+ Kh7 34.Qb1+ g6 35.Rxc4  1-0

[Event "WYB16"]
[Site "Oropesa del Mar ESP"]
[Date "2001.10.23"]
[Round "3"]
[White "Pixton,A"]
[Black "Khamzin,O"]
[Result "1-0"]
[WhiteElo "2351"]
[BlackElo "2242"]

1.d4 Nf6 2.Bg5 Ne4 3.Bf4 c5 4.f3 Qa5+ 5.c3 Nf6 6.d5 e6 7.e4 exd5 8.exd5 d6
9.Na3 Be7 10.Nc4 Qc7 11.a4 O-O 12.g4 Re8 13.Ne2 b6 14.Kf2 Bf8 15.Ne3 Nbd7
16.c4 Ne5 17.Nc3 g6 18.Be2 Bg7 19.Bg3 g5 20.h4 gxh4 21.Rxh4 Ng6 22.Rh2 h6
23.Qd2 Kh7 24.Nb5 Qd8 25.Nf5 Bxf5 26.gxf5 Ne5 27.Rg1  1-0

[Event "WYG16"]
[Site "Oropesa del Mar ESP"]
[Date "2001.10.25"]
[Round "5"]
[White "Hasanova,E"]
[Black "Igla,B"]
[Result "1-0"]
[WhiteElo "2252"]
[BlackElo "2115"]

1.d4 Nf6 2.Bg5 Ne4 3.Bh4 d5 4.Nd2 Nd6 5.e3 g6 6.c4 c6 7.Ngf3 Bg7 8.Be2 O-O
9.O-O dxc4 10.Nxc4 Be6 11.Nxd6 Qxd6 12.Qc2 Nd7 13.Bg3 Qd5 14.e4 Qa5 15.b4 Qb6
16.Rfd1 Nf6 17.a3 Rae8 18.h3 h6 19.Bf4 Rd8  1-0

[Event "XVII Moratalaz Open"]
[Site "Madrid ESP"]
[Date "2001.10.26"]
[Round "8"]
[White "Rabadan,V"]
[Black "Simonenko,S"]
[Result "0-1"]
[WhiteElo "2205"]
[BlackElo "2419"]

1.d4 Nf6 2.Bg5 Ne4 3.Bf4 c5 4.f3 Qa5+ 5.c3 Nf6 6.d5 d6 7.e4 g6 8.Na3 Bg7
9.Nc4 Qd8 10.a4 O-O 11.Qd2 Re8 12.Ne2 b6 13.Ng3 Na6 14.Be2 Nc7 15.O-O Ba6
16.Rfd1 Nd7 17.Bh6 Bxc4 18.Bxc4 Bh8 19.f4 a6 20.e5 b5 21.axb5 axb5 22.Rxa8 Qxa8
23.Be2 c4 24.e6 fxe6 25.dxe6 Nxe6 26.f5 Qa7+ 27.Kh1 Nc7 28.Bf3 Nf6 29.Ne4 Bg7
30.Nxf6+ Bxf6 31.Bd5+ e6 32.fxe6 Qc5 33.g3 Qxd5+ 34.Qxd5 Nxd5 35.Rxd5 Rxe6
36.Rxb5 Re1+ 37.Kg2 Re2+ 38.Kh3 Kf7 39.Bf4 Ke6 40.Rb6 Be7 41.Rb5 g5 42.Bxg5 Bxg5
43.Rxg5 Rxb2 44.Rh5 Rb7 45.Kg2 Rf7 46.g4 d5 47.Rh3 d4 48.cxd4 Kd5 49.Rh6 c3
50.Ra6 c2 51.Ra1 Kxd4 52.Kg3 Kd3 53.h4 Rb7 54.Rc1 Rb4 55.h5 h6  0-1

[Event "TSGM October"]
[Site "Belgrade YUG"]
[Date "2001.10.27"]
[Round "8"]
[White "Kosanovic,G"]
[Black "Prelevic,D"]
[Result "1/2-1/2"]
[WhiteElo "2442"]
[BlackElo "2358"]

1.d4 Nf6 2.Bg5 Ne4 3.Bf4 d5 4.e3 c5 5.Nd2 Nxd2 6.Qxd2 cxd4 7.exd4 Nc6 8.Nf3 Bg4
9.Ne5 Nxe5 10.Bxe5 Qb6 11.c3 Bd7 12.Be2 Bb5 13.O-O Bxe2 14.Qxe2 e6 15.Qh5 Ke7
16.Rfe1 f6 17.Bg3 Rd8 18.Re2 g6 19.Qf3 Kf7 20.Rae1 Re8 21.Be5 Bg7 22.g4 h5
23.g5 f5 24.Qf4 Rhf8 25.Bd6 Rh8 26.h4 Qc6 27.Kg2 b5 28.a3 a5 29.Be5 Rhf8
30.Bc7 a4 31.Qd6 Qxd6 32.Bxd6 Rg8 33.Kf3 Bf8 34.Bb4 Bg7 35.Re3 Bh8 36.Kg2 Bg7
37.f4 Bf8 38.Kf2 Rh8 39.R1e2 Rg8 40.Ke1 Rh8 41.Kd1 Rg8 42.Re1 Rh8 43.Kc2 Bxb4
44.axb4 Re7 45.Ra1 Ra8  1/2-1/2

[Event "Chigorin Mem Open"]
[Site "St Petersburg RUS"]
[Date "2001.10.27"]
[Round "2"]
[White "Bistrikova,E"]
[Black "Malinin,Y"]
[Result "1/2-1/2"]
[WhiteElo "2139"]
[BlackElo "2411"]

1.d4 Nf6 2.Bg5 Ne4 3.Bf4 d5 4.e3 c6 5.f3 Nd6 6.Nc3 Bf5 7.g4 Bg6 8.h4 h5 9.g5 e6
10.Bd3 Nf5 11.Qd2 Bb4 12.Nge2 O-O 13.Ng3 Nxg3 14.Bxg3 c5 15.Bxg6 fxg6 16.O-O cxd4
17.exd4 Nc6 18.Qd3 Bd6 19.Ne2 Ne7 20.Qe3 Nf5 21.Qf2 Nxg3 22.Nxg3 Qc7 23.Kg2 Bxg3
24.Qxg3 Qxc2+ 25.Rf2 Qd3 26.Qe5 Rae8 27.Rc1 Rf5 28.Rc3 Qxc3 29.Qxf5 gxf5
30.bxc3 Rc8 31.Rc2 b5 32.f4 Kf7 33.Kf2 Ke7 34.Ke2 Kd6 35.Kd3 Rc4 36.Rb2 a6
37.Rb4 Kc6 38.a3 a5 39.Rb3 Ra4 40.Kc2 Kb6 41.Kb2 Kc6 42.Kc2 g6 43.Kb2 Rc4
44.Kc2 b4 45.axb4 a4 46.Ra3 Kb5 47.Kd3 Rc8 48.Kd2 Ra8 49.Kc2 Kc4 50.Kd2 Ra7
51.Kc2 Ra6 52.Kd2 Ra8 53.Kc2 Kb5 54.Kd3 Rf8 55.Ra1 Rc8 56.Ra2 Rc7 57.Ra1 Rf7
58.Ra2 Ra7 59.Ra3 Ra8 60.Kd2 Kc4 61.Kc2  1/2-1/2

[Event "Chigorin Mem Open"]
[Site "St Petersburg RUS"]
[Date "2001.10.28"]
[Round "3"]
[White "Chistjakova,E"]
[Black "Krivonogov,A"]
[Result "0-1"]
[WhiteElo "2074"]
[BlackElo "2337"]

1.d4 Nf6 2.Bg5 Ne4 3.Bf4 d5 4.Nd2 Bf5 5.Nxe4 dxe4 6.e3 Nd7 7.Bc4 e6 8.Ne2 Be7
9.Bb3 h5 10.h3 h4 11.Qd2 a5 12.Nc3 c6 13.a4 Bb4 14.Qe2 Qf6 15.O-O-O Bg6 16.g4 hxg3
17.fxg3 e5 18.dxe5 Nxe5 19.Na2 Bc5 20.Qd2 Bf5 21.Bxe5 Qxe5 22.g4 Be6 23.Bxe6 Qxe6
24.Kb1 O-O 25.Qe2 Rab8 26.Nc1 Qe5 27.Nb3 Bb4 28.c3 Be7 29.Nd4 Rfc8 30.Rhf1 g6
31.Qf2 Rf8 32.Qf4 Bd6 33.Qxe5 Bxe5 34.Kc2 Kg7 35.Nb3 Rh8 36.Rd7 Rbf8 37.Rh1 b6
38.Nd2 Re8 39.Nxe4 Bf4 40.Kd3 Rd8 41.Rxd8 Rxd8+ 42.Ke2 Re8 43.Kf3 Bxe3 44.Nd6 Re6
45.Re1 Rxd6 46.Rxe3 Kf6 47.h4 Rd1 48.Kf4 Rb1 49.g5+ Kg7 50.Re2 Rh1 51.Ke5 Rxh4
52.b3 Rh3 53.Rc2 Rd3 54.Ke4 Rd5 55.Rg2 Kf8 56.Rg3 Rf5 57.b4 Ke7 58.Rg4 Ke6
59.Kd4 Kd6 60.Ke4 Ke6 61.Kd4 f6 62.gxf6 Kxf6 63.Ke3 g5 64.Rc4 c5 65.bxa5 bxa5
66.Rg4 Rd5 67.Ke4 Rd1 68.Ke3 Kf5 69.Rc4 Rd5 70.Kf3 Re5 71.Kg3 Ke6 72.Kf3 Kf5
73.Kg3 Kg6 74.Kg4 Kh6 75.Kh3 Kh5 76.Kg3 Rf5 77.Re4 Rd5 78.Rc4 Kg6 79.Kg4 Kf6
80.Re4 Re5 81.Rc4 Ke6 82.Kf3 Kd6 83.Rg4 Kd5 84.Kf2 Re4 85.Rxg5+ Kc4 86.Kf3 Re8
87.Kf2 Rc8 88.Rg3 Kb3 89.Ke2 Kxa4 90.Kd2 Kb3 91.Rg5 a4 92.Rg7 Rb8 93.Rg1 Rd8+
94.Kc1 a3 95.Kb1 a2+ 96.Ka1 c4 97.Rc1 Rd2 98.Rh1 Rb2 99.Rc1 Rb1+ 100.Rxb1+ axb1=Q+  0-1

[Event "WYB16"]
[Site "Oropesa del Mar ESP"]
[Date "2001.10.29"]
[Round "8"]
[White "Zhao Zong Yuan"]
[Black "Perdomo,L"]
[Result "1-0"]
[WhiteElo "2387"]
[BlackElo "2262"]

1.d4 Nf6 2.Bg5 Ne4 3.Bf4 c5 4.f3 Qa5+ 5.c3 Nf6 6.Nd2 cxd4 7.Nb3 Qb6 8.Qxd4 Nc6
9.Qxb6 axb6 10.Nd4 Nxd4 11.cxd4 d5 12.e3 Bd7 13.Bd3 e6 14.Ne2 Bb4+ 15.Kf2 Ke7
16.Rhc1 Rhc8 17.a3 Bd6 18.Bxd6+ Kxd6 19.Ke1 Rxc1+ 20.Rxc1 Bc6 21.Kd2 h6 22.g4 Nd7
23.Ng3 b5 24.e4 Nb6 25.Nh5 Rg8 26.e5+ Ke7 27.b3 Nd7 28.Rc3 f6 29.exf6+ gxf6  1-0

[Event "TCh-AUT 2001-2"]
[Site "Moerbisch AUT"]
[Date "2001.11.01"]
[Round "2"]
[White "Casagrande,H"]
[Black "Titz,Hei"]
[Result "0-1"]
[WhiteElo "2359"]
[BlackElo "2306"]

1.d4 Nf6 2.Bg5 Ne4 3.Bf4 c5 4.d5 Qb6 5.Qc1 e6 6.c4 Be7 7.Nd2 Nxd2 8.Bxd2 exd5
9.cxd5 Bf6 10.Bc3 O-O 11.e3 Bxc3+ 12.Qxc3 d6 13.Bd3 Nd7 14.Ne2 Qd8 15.O-O Ne5
16.Bc2 Re8 17.Rae1 b5 18.f4 b4 19.Qb3 Ng4 20.e4 Qb6 21.Kh1 c4 22.Qg3 Ne3
23.f5 Nxf1 24.Rxf1 Re5 25.Nf4 Qd8 26.Nh5 Qf8 27.Rf4 Kh8 28.Rg4 g6 29.Qh4 Bxf5
30.Nf6 Qg7 31.exf5 g5 32.Rxg5 Qxf6 33.Kg1 Qe7 34.Kf1 Re8  0-1

[Event "WYB14"]
[Site "Oropesa del Mar ESP"]
[Date "2001.11.01"]
[Round "10"]
[White "Lepan,M"]
[Black "Gerzhoy,L"]
[Result "0-1"]
[WhiteElo "2205"]
[BlackElo "2332"]

1.d4 Nf6 2.Bg5 Ne4 3.Bf4 c5 4.f3 Qa5+ 5.c3 Nf6 6.Nd2 cxd4 7.Nb3 Qb6 8.Qxd4 Nc6
9.Qxb6 axb6 10.e4 d5 11.Be3 e5 12.Bxb6 Be6 13.Nc5 Bxc5 14.Bxc5 dxe4 15.Ba3 e3
16.Bb5 O-O-O 17.Bxc6 bxc6 18.b3 Nd5 19.Ne2 Nf4 20.Nxf4 exf4 21.O-O Rd2 22.Be7 h6
23.Rfd1 Re8 24.Bh4 g5 25.Be1 Rc2 26.Rdc1 Rxc1 27.Rxc1 g4 28.fxg4 Bxg4 29.Bh4 Rg8
30.Re1 Bh3 31.Bg3 h5 32.Bxf4 Rxg2+ 33.Kh1 e2 34.Bg3 f5 35.Bh4 Rg4 36.Bf6 Rf4  0-1

[Event "EuTCh"]
[Site "Leon ESP"]
[Date "2001.11.10"]
[Round "5"]
[White "Miladinovic,I"]
[Black "Smirin,I"]
[Result "1/2-1/2"]
[WhiteElo "2495"]
[BlackElo "2698"]

1.d4 Nf6 2.Bg5 Ne4 3.Bf4 c5 4.f3 Qa5+ 5.c3 Nf6 6.Nd2 cxd4 7.Nb3 Qb6 8.Qxd4 Nc6
9.Qxb6 axb6 10.Be3 e5 11.Bxb6 d5 12.e4 dxe4 13.Bb5 Be6 14.Nc5 Bxc5 15.Bxc5 O-O-O
16.a4 Rd5 17.Bb6 Re8 18.Ne2 exf3 19.gxf3 e4 20.f4 e3 21.Nd4 Bd7 22.Be2 Nh5
23.O-O Bh3 24.Rf3  1/2-1/2

[Event "EuTCh"]
[Site "Leon ESP"]
[Date "2001.11.11"]
[Round "6"]
[White "Miladinovic,I"]
[Black "Kovalev,A"]
[Result "0-1"]
[WhiteElo "2495"]
[BlackElo "2539"]

1.d4 Nf6 2.Bg5 Ne4 3.h4 c5 4.dxc5 Qa5+ 5.Nd2 Nxg5 6.hxg5 Qxc5 7.Ngf3 Nc6
8.c3 d5 9.e4 Be6 10.Nd4 Nxd4 11.cxd4 Qa5 12.b4 Qb6 13.g6 fxg6 14.Rc1 Rd8
15.a3 Qxd4 16.Bb5+ Kf7 17.Qe2 a6 18.Nf3 Qf6 19.Bd3 Bg4 20.exd5 Bxf3 21.gxf3 b5
22.Bb1 Rd6 23.Kf1 h5 24.Qe3 g5 25.Rg1 g6 26.Rxg5 Bh6 27.Bxg6+ Qxg6 28.Rxg6 Bxe3
29.Rxd6 Bxc1 30.Rxa6 Rd8 31.Rc6 Bxa3 32.Rc5 Rb8  0-1

[Event "TCh-FIN 2001-02"]
[Site "FIN"]
[Date "2001.11.17"]
[Round "4"]
[White "Puranen,J"]
[Black "Tella,J"]
[Result "0-1"]
[WhiteElo "2313"]
[BlackElo "2440"]

1.d4 Nf6 2.Bg5 Ne4 3.Bf4 d5 4.f3 Nf6 5.Nc3 e6 6.e3 a6 7.g4 c5 8.Qd2 Nc6 9.Nge2 b5
10.Bg2 Bb7 11.O-O Rc8 12.Nd1 Be7 13.Nf2 a5 14.Kh1 Qb6 15.Bg3 b4 16.h4 Ba6
17.c3 a4 18.Nd3 cxd4 19.Nxd4 Nd7 20.Rfc1 bxc3 21.bxc3 Na5 22.Rab1 Qd8 23.Nb4 Bxh4
24.Bh2 Bb7 25.Qe2 Be7 26.Qb5 O-O 27.Qxa4 Nc5 28.Qd1 Nc4 29.Qe2 Bd6 30.Bxd6 Qxd6
31.Nd3 Nxd3 32.Qxd3 Ba6 33.Nb5 Qe5 34.a4 Nxe3 35.Qd4 Qg5 36.Qb6 Bxb5 37.axb5 Nxg2
38.Kxg2 h5 39.Kh3 hxg4+ 40.fxg4 Rc4 41.Qg1 f5  0-1

[Event "American Open"]
[Site "Los Angeles USA"]
[Date "2001.11.23"]
[Round "4"]
[White "Rey,G"]
[Black "Hermansen,R"]
[Result "1/2-1/2"]
[WhiteElo "2370"]
[BlackElo "2201"]

1.d4 Nf6 2.Bg5 Ne4 3.Bf4 c5 4.f3 Qa5+ 5.c3 Nf6 6.d5 d6 7.e4 g6 8.Na3 Nbd7
9.Nh3 Bg7 10.Nc4 Qc7 11.a4 O-O 12.Qd2 a6 13.g4 Nb6 14.Ne3 Bd7 15.a5 Na4 16.Nc4 b5
17.axb6 Nxb6 18.Nf2 Nxc4 19.Bxc4 Qb6 20.O-O Bb5 21.Bxb5 axb5 22.Kg2 Nd7 23.Nd3 Ra7
24.Bh6 Rfa8 25.Rxa7 Qxa7 26.Bxg7 Kxg7 27.Re1 Nb6 28.Qe2 Qd7 29.Qf2 Ra2 30.Nc1 Ra1
31.Nb3 Rxe1 32.Qxe1 Nc4 33.Qe2 e6 34.dxe6 Qxe6 35.Nc1 Ne5 36.h3 c4 37.Qd2 Nd7
38.Ne2 Nc5 39.Nd4 Qe5 40.Nc6 Qe6 41.Nd4 Qe5  1/2-1/2

[Event "American Open"]
[Site "Los Angeles USA"]
[Date "2001.11.25"]
[Round "7"]
[White "Rensch,D"]
[Black "Rey,G"]
[Result "1/2-1/2"]
[WhiteElo "2208"]
[BlackElo "2370"]

1.d4 Nf6 2.Bg5 Ne4 3.Bf4 d5 4.e3 Bf5 5.f3 Nd6 6.Nc3 e6 7.Bd3 c6 8.e4 Bg6
9.Nge2 Nd7 10.O-O Be7 11.Qe1 O-O 12.Rd1 b5 13.Qg3 Nc4 14.Bc1 b4 15.Bxc4 dxc4
16.Na4 Qa5 17.b3 Rfd8 18.Bf4 Nb6 19.Bc7 Rd7 20.Nc1 Rc8 21.Bxb6 axb6 22.Nb2 cxb3
23.axb3 b5 24.Ne2 Qa2 25.Rb1 Bf6 26.Qf2 Rcd8 27.Nd3 Rxd4 28.Nxd4 Bxd4 29.Qxd4 Rxd4
30.Ra1 Qa3 31.Rxa3 bxa3 32.Ra1 b4 33.Kf2 f6 34.Ke3 e5 35.c3 bxc3 36.Rxa3 c2
37.Ra1 Bf7 38.Ra8+ Be8 39.Ra1 c5 40.Rc1 c4  1/2-1/2

[Event "Bundesliga 2001-2"]
[Site "Wattenscheid GER"]
[Date "2001.11.25"]
[Round "4"]
[White "Hall,Je"]
[Black "Berndt,S"]
[Result "1/2-1/2"]
[WhiteElo "2501"]
[BlackElo "2479"]

1.d4 Nf6 2.Bg5 Ne4 3.Bf4 c5 4.f3 Qa5+ 5.c3 Nf6 6.d5 Qb6 7.Bc1 e6 8.c4 Qb4+
9.Bd2 Qxb2 10.Nc3 Qb6 11.Rb1 Qd8 12.e4 d6 13.f4 e5 14.Nf3 Nbd7 15.Bd3 Be7
16.O-O exf4 17.Bxf4 Ng4 18.Nb5 Nge5 19.Bxe5 Nxe5 20.Nxe5 dxe5 21.Qh5 O-O
22.Qxe5 a6 23.d6 Bf6 24.Rxf6 axb5 25.Rf2 Ra6 26.cxb5 Qxd6 27.Qc3  1/2-1/2

[Event "FSIMA December"]
[Site "Budapest HUN"]
[Date "2001.12.01"]
[Round "1"]
[White "Mensch,E"]
[Black "Musanti,D"]
[Result "1-0"]
[WhiteElo "2299"]
[BlackElo "2293"]

1.d4 Nf6 2.Bg5 Ne4 3.Bf4 d5 4.e3 c5 5.Bd3 Nc6 6.Bxe4 dxe4 7.d5 Nb4 8.Nc3 e6
9.d6 Qa5 10.Nge2 Nd5 11.Bg3 Nxc3 12.Nxc3 Bd7 13.O-O Bc6 14.Qh5 Rd8 15.Rfd1 Rd7
16.a3 Qb6 17.Rab1 a5 18.h3 Kd8 19.b4 cxb4 20.axb4 axb4 21.Ra1 Ke8 22.Ra8+ Rd8
23.Rxd8+ Qxd8 24.Nxe4 Bxe4 25.d7+ Ke7 26.Bd6+ Kf6 27.Qe5+  1-0